<?xml version="1.0" encoding="UTF-8"?>
<record
    xmlns:xsi="http://www.w3.org/2001/XMLSchema-instance"
    xsi:schemaLocation="http://www.loc.gov/MARC21/slim http://www.loc.gov/standards/marcxml/schema/MARC21slim.xsd"
    xmlns="http://www.loc.gov/MARC21/slim">

  <leader>00774nam a2200241   4500</leader>
  <controlfield tag="001">82883</controlfield>
  <controlfield tag="003">BD-RjUL</controlfield>
  <controlfield tag="005">20240131115700.0</controlfield>
  <controlfield tag="008">240131s13351925ir ||||| |||| 00| 0 p   d</controlfield>
  <datafield tag="035" ind1=" " ind2=" ">
    <subfield code="a">(BD-RjUL)82883</subfield>
  </datafield>
  <datafield tag="040" ind1=" " ind2=" ">
    <subfield code="a">BD-RjUL</subfield>
    <subfield code="b">eng</subfield>
    <subfield code="c">BD-RjUL</subfield>
  </datafield>
  <datafield tag="041" ind1=" " ind2=" ">
    <subfield code="a">per</subfield>
  </datafield>
  <datafield tag="082" ind1=" " ind2=" ">
    <subfield code="2">25</subfield>
    <subfield code="a">491.553</subfield>
    <subfield code="b"> DEL 1907</subfield>
  </datafield>
  <datafield tag="100" ind1=" " ind2=" ">
    <subfield code="a">&#x639;&#x644;&#x6CC; &#x622;&#x6A9;&#x628;&#x631;&#x66B; &#x62F;&#x6C1; &#x62E;&#x631;&#x627; ;; Ali Akbar</subfield>
    <subfield code="9">11311</subfield>
  </datafield>
  <datafield tag="245" ind1=" " ind2=" ">
    <subfield code="a">&#x644;&#x63A;&#x62A; &#x646;&#x622;&#x645;&#x6C1; ;; Logat namah /</subfield>
    <subfield code="c">&#x62F;&#x6C1; &#x62E;&#x631;&#x627; &#x639;&#x644;&#x6CC; &#x622;&#x6A9;&#x628;&#x631; ;; Dah Khara Ali Akbar</subfield>
  </datafield>
  <datafield tag="300" ind1=" " ind2=" ">
    <subfield code="a">V. ;</subfield>
    <subfield code="c">34 cm</subfield>
  </datafield>
  <datafield tag="505" ind1=" " ind2=" ">
    <subfield code="a">Vol.1. &#x622;&#x6D4; &#x622;&#x628;&#x648;&#x633;&#x639;&#x62F; .--</subfield>
  </datafield>
  <datafield tag="505" ind1=" " ind2=" ">
    <subfield code="a">V.2 . &#x622;&#x628;&#x648;&#x633;&#x639;&#x62F;-&#x622;&#x62B;&#x628;&#x622;&#x62A; .--</subfield>
  </datafield>
  <datafield tag="505" ind1=" " ind2=" ">
    <subfield code="a">v.3.  &#x622;&#x62B;&#x628;&#x622;&#x62A;- &#x627;&#x62E;&#x62A;&#x6CC;&#x627;&#x631; .--</subfield>
  </datafield>
  <datafield tag="505" ind1=" " ind2=" ">
    <subfield code="a">v,4.-- &#x627;&#x62E;&#x62A;&#x6CC;&#x627;&#x631;-&#x622;&#x698;&#x62F;&#x6C1;&#x622; .-- </subfield>
  </datafield>
  <datafield tag="650" ind1=" " ind2=" ">
    <subfield code="a">Persian Language </subfield>
    <subfield code="v">Dictionary</subfield>
    <subfield code="9">11312</subfield>
  </datafield>
  <datafield tag="942" ind1=" " ind2=" ">
    <subfield code="2">ddc</subfield>
    <subfield code="c">REF</subfield>
  </datafield>
  <datafield tag="999" ind1=" " ind2=" ">
    <subfield code="c">82883</subfield>
    <subfield code="d">82883</subfield>
  </datafield>
  <datafield tag="952" ind1=" " ind2=" ">
    <subfield code="0">0</subfield>
    <subfield code="1">0</subfield>
    <subfield code="2">ddc</subfield>
    <subfield code="4">0</subfield>
    <subfield code="7">1</subfield>
    <subfield code="8">REF</subfield>
    <subfield code="a">RUCL</subfield>
    <subfield code="b">RUCL</subfield>
    <subfield code="c">REF</subfield>
    <subfield code="d">2024-01-31</subfield>
    <subfield code="o">FR 491.553  DEL V-1 1907</subfield>
    <subfield code="r">2024-01-31 00:00:00</subfield>
    <subfield code="t">C-1</subfield>
    <subfield code="y">REF</subfield>
  </datafield>
  <datafield tag="952" ind1=" " ind2=" ">
    <subfield code="0">0</subfield>
    <subfield code="1">0</subfield>
    <subfield code="2">ddc</subfield>
    <subfield code="4">0</subfield>
    <subfield code="7">1</subfield>
    <subfield code="8">REF</subfield>
    <subfield code="a">RUCL</subfield>
    <subfield code="b">RUCL</subfield>
    <subfield code="c">REF</subfield>
    <subfield code="d">2024-01-31</subfield>
    <subfield code="o">FR 491.553  DEL V-2 1907</subfield>
    <subfield code="r">2024-01-31 00:00:00</subfield>
    <subfield code="t">C-1</subfield>
    <subfield code="y">REF</subfield>
  </datafield>
  <datafield tag="952" ind1=" " ind2=" ">
    <subfield code="0">0</subfield>
    <subfield code="1">0</subfield>
    <subfield code="2">ddc</subfield>
    <subfield code="4">0</subfield>
    <subfield code="7">1</subfield>
    <subfield code="8">REF</subfield>
    <subfield code="a">RUCL</subfield>
    <subfield code="b">RUCL</subfield>
    <subfield code="c">REF</subfield>
    <subfield code="d">2024-01-31</subfield>
    <subfield code="o">FR 491.553  DEL V-3 1908</subfield>
    <subfield code="r">2024-01-31 00:00:00</subfield>
    <subfield code="t">C-1</subfield>
    <subfield code="y">REF</subfield>
  </datafield>
  <datafield tag="952" ind1=" " ind2=" ">
    <subfield code="0">0</subfield>
    <subfield code="1">0</subfield>
    <subfield code="2">ddc</subfield>
    <subfield code="4">0</subfield>
    <subfield code="7">1</subfield>
    <subfield code="8">REF</subfield>
    <subfield code="a">RUCL</subfield>
    <subfield code="b">RUCL</subfield>
    <subfield code="c">REF</subfield>
    <subfield code="d">2024-01-31</subfield>
    <subfield code="o">FR 491.553  DEL V-4 1910</subfield>
    <subfield code="r">2024-01-31 00:00:00</subfield>
    <subfield code="t">C-1</subfield>
    <subfield code="y">REF</subfield>
  </datafield>
  <datafield tag="952" ind1=" " ind2=" ">
    <subfield code="0">0</subfield>
    <subfield code="1">0</subfield>
    <subfield code="2">ddc</subfield>
    <subfield code="4">0</subfield>
    <subfield code="7">1</subfield>
    <subfield code="8">REF</subfield>
    <subfield code="a">RUCL</subfield>
    <subfield code="b">RUCL</subfield>
    <subfield code="c">REF</subfield>
    <subfield code="d">2024-01-31</subfield>
    <subfield code="o">FR 491.553  DEL V-5 1911</subfield>
    <subfield code="r">2024-01-31 00:00:00</subfield>
    <subfield code="t">C-1</subfield>
    <subfield code="y">REF</subfield>
  </datafield>
  <datafield tag="952" ind1=" " ind2=" ">
    <subfield code="0">0</subfield>
    <subfield code="1">0</subfield>
    <subfield code="2">ddc</subfield>
    <subfield code="4">0</subfield>
    <subfield code="7">1</subfield>
    <subfield code="8">REF</subfield>
    <subfield code="a">RUCL</subfield>
    <subfield code="b">RUCL</subfield>
    <subfield code="c">REF</subfield>
    <subfield code="d">2024-01-31</subfield>
    <subfield code="o">F 491.553  DEL V-6 1912</subfield>
    <subfield code="r">2024-01-31 00:00:00</subfield>
    <subfield code="t">C-1</subfield>
    <subfield code="y">REF</subfield>
  </datafield>
  <datafield tag="952" ind1=" " ind2=" ">
    <subfield code="0">0</subfield>
    <subfield code="1">0</subfield>
    <subfield code="2">ddc</subfield>
    <subfield code="4">0</subfield>
    <subfield code="7">1</subfield>
    <subfield code="8">REF</subfield>
    <subfield code="a">RUCL</subfield>
    <subfield code="b">RUCL</subfield>
    <subfield code="c">REF</subfield>
    <subfield code="d">2024-01-31</subfield>
    <subfield code="o">FR 491.553  DEL V-7 1910</subfield>
    <subfield code="r">2024-01-31 00:00:00</subfield>
    <subfield code="t">C-1</subfield>
    <subfield code="y">REF</subfield>
  </datafield>
  <datafield tag="952" ind1=" " ind2=" ">
    <subfield code="0">0</subfield>
    <subfield code="1">0</subfield>
    <subfield code="2">ddc</subfield>
    <subfield code="4">0</subfield>
    <subfield code="7">1</subfield>
    <subfield code="8">REF</subfield>
    <subfield code="a">RUCL</subfield>
    <subfield code="b">RUCL</subfield>
    <subfield code="c">REF</subfield>
    <subfield code="d">2024-01-31</subfield>
    <subfield code="o">FR 491.553  DEL V-8 1908</subfield>
    <subfield code="r">2024-01-31 00:00:00</subfield>
    <subfield code="t">C-1</subfield>
    <subfield code="y">REF</subfield>
  </datafield>
  <datafield tag="952" ind1=" " ind2=" ">
    <subfield code="0">0</subfield>
    <subfield code="1">0</subfield>
    <subfield code="2">ddc</subfield>
    <subfield code="4">0</subfield>
    <subfield code="7">1</subfield>
    <subfield code="8">REF</subfield>
    <subfield code="a">RUCL</subfield>
    <subfield code="b">RUCL</subfield>
    <subfield code="c">REF</subfield>
    <subfield code="d">2024-01-31</subfield>
    <subfield code="o">FR 491.553  DEL V-9 1912</subfield>
    <subfield code="r">2024-01-31 00:00:00</subfield>
    <subfield code="t">C-1</subfield>
    <subfield code="y">REF</subfield>
  </datafield>
  <datafield tag="952" ind1=" " ind2=" ">
    <subfield code="0">0</subfield>
    <subfield code="1">0</subfield>
    <subfield code="2">ddc</subfield>
    <subfield code="4">0</subfield>
    <subfield code="7">1</subfield>
    <subfield code="8">REF</subfield>
    <subfield code="a">RUCL</subfield>
    <subfield code="b">RUCL</subfield>
    <subfield code="c">REF</subfield>
    <subfield code="d">2024-01-31</subfield>
    <subfield code="o">F 491.553  DEL V-10 1911</subfield>
    <subfield code="r">2024-01-31 00:00:00</subfield>
    <subfield code="t">C-10</subfield>
    <subfield code="y">REF</subfield>
  </datafield>
  <datafield tag="952" ind1=" " ind2=" ">
    <subfield code="0">0</subfield>
    <subfield code="1">0</subfield>
    <subfield code="2">ddc</subfield>
    <subfield code="4">0</subfield>
    <subfield code="7">1</subfield>
    <subfield code="8">REF</subfield>
    <subfield code="a">RUCL</subfield>
    <subfield code="b">RUCL</subfield>
    <subfield code="c">REF</subfield>
    <subfield code="d">2024-01-31</subfield>
    <subfield code="o">FR 491.553  DEL V-13 1925</subfield>
    <subfield code="r">2024-01-31 00:00:00</subfield>
    <subfield code="t">C-1</subfield>
    <subfield code="y">REF</subfield>
  </datafield>
  <datafield tag="952" ind1=" " ind2=" ">
    <subfield code="0">0</subfield>
    <subfield code="1">0</subfield>
    <subfield code="2">ddc</subfield>
    <subfield code="4">0</subfield>
    <subfield code="7">1</subfield>
    <subfield code="8">REF</subfield>
    <subfield code="a">RUCL</subfield>
    <subfield code="b">RUCL</subfield>
    <subfield code="c">REF</subfield>
    <subfield code="d">2024-01-31</subfield>
    <subfield code="o">F 491.553  DEL V-11 1911</subfield>
    <subfield code="r">2024-01-31 00:00:00</subfield>
    <subfield code="t">C-11</subfield>
    <subfield code="y">REF</subfield>
  </datafield>
  <datafield tag="952" ind1=" " ind2=" ">
    <subfield code="0">0</subfield>
    <subfield code="1">0</subfield>
    <subfield code="2">ddc</subfield>
    <subfield code="4">0</subfield>
    <subfield code="7">1</subfield>
    <subfield code="8">REF</subfield>
    <subfield code="a">RUCL</subfield>
    <subfield code="b">RUCL</subfield>
    <subfield code="c">REF</subfield>
    <subfield code="d">2024-01-31</subfield>
    <subfield code="o">FR 491.553  DEL V-12 1908</subfield>
    <subfield code="r">2024-01-31 00:00:00</subfield>
    <subfield code="t">C-1</subfield>
    <subfield code="y">REF</subfield>
  </datafield>
</record>
